[Event "BL 2016-17"]
[Site "Berlin"]
[Date "2017.04.30"]
[Round "14"]
[White "Schneider, Stefan"]
[Black "Braga, Fernando"]
[Result "1-0"]
[WhiteElo "2356"]
[BlackElo "2410"]
[Annotator "TA"]
[PlyCount "93"]
[EventDate "2017.??.??"]
[EventType "team-tourn"]
[EventCountry "GER"]
[SourceTitle "playchess.com"]
[Source "ChessBase"]
[SourceQuality "1"]
[WhiteTeam "Bayern München"]
[BlackTeam "Aufwärts Aachen"]

{[%evp 24,93,22,14,51,47,53,51,56,54,54,54,65,50,64,56,72,73,77,62,64,69,79,68,85,67,94,96,90,62,72,61,73,44,103,84,100,76,73,69,208,78,81,78,68,84,287,285,269,225,391,372,382,368,365,364,318,167,327,301,306,314,333,322,314,280,640,635,625,622,742,733]} 1. d4 Nf6 2. Nf3 c5 3. d5 e6 4. Nc3 exd5 5. Nxd5 Nxd5 6. Qxd5 Nc6 7. e4 Be7 8. Bc4 O-O 9. O-O d6 10. Qh5 {A43: Schmid Benoni} Be6 11. Bxe6 fxe6 12. Ng5 Bxg5 13. Bxg5 {LiveBook: 5 Games} Qc7 14. Rad1 Rae8 $146 (14... Ne5 15. f4 Nf7 16. Bh4 Rae8 17. Rd3 Nh8 {1-0 (33) Plachetka,J (2455)-Sikora,J (2224) Tatranske Zruby 2003}) 15. Bh4 e5 16. c3 Re6 17. Qe2 Kh8 18. Rd3 h6 19. Rfd1 g5 20. Bg3 Rff6 21. Qh5 Kg7 22. Qg4 Qf7 23. h4 Qg6 24. hxg5 Qxg5 25. Qh3 Rg6 26. Bh4 Qg4 27. Qxg4 Rxg4 28. g3 Rgg6 (28... Rxe4 $14 29. Rxd6 Re1+ 30. Kg2 Rxd1 31. Rxd1 Kg6) 29. Kh2 Kf7 30. Re1 Rg8 31. Kh3 Na5 (31... Ne7 $14) 32. Rf3+ (32. f4 $18 {and White stays clearly on top.}) 32... Kg6 33. Rd1 c4 34. Re3 Rge8 $2 (34... Rf8 $16 {might work better.}) 35. f4 $18 exf4 36. gxf4 {[#] Threatens to win with f5+.} Rxe4 $2 (36... Kf7 37. e5 Nc6) 37. Rxd6+ Kh7 38. Rd7+ Kg8 39. Rg3+ Kf8 40. Bf6 (40. Rd5 $142 {[%cal Rd5f5]} Rxf4 41. Rxa5) 40... Re3 $2 (40... R8e6) 41. Bg7+ Kg8 42. f5 {[%cal Bf4f5,Bf5f6][%mdl 32]} Rxg3+ 43. Kxg3 Nc6 {...Re7 would now be nice for Black.} 44. Bxh6 ({Not} 44. Rxb7 Re7 45. Rxe7 Nxe7 $16) 44... Re1 $2 (44... Re7 45. Rxe7 Nxe7) 45. Rg7+ {White is clearly winning.} Kh8 {[#] And now ...Rg1+ would win.} 46. Rxb7 Ne7 47. f6 {Precision: White = 74%, Black = 37%.} 1-0

[Event "BL 2016-17"]
[Site "Berlin"]
[Date "2017.04.30"]
[Round "14"]
[White "Kramer, Julian"]
[Black "Warmerdam, Max"]
[Result "0-1"]
[WhiteElo "2334"]
[BlackElo "2351"]
[Annotator "TA"]
[PlyCount "98"]
[EventDate "2017.??.??"]
[EventType "team-tourn"]
[EventCountry "GER"]
[SourceTitle "playchess.com"]
[Source "ChessBase"]
[SourceQuality "1"]
[WhiteTeam "Speyer-Schwegenheim"]
[BlackTeam "Mülheim Nord"]

{[%evp 16,98,48,28,52,25,17,0,0,0,0,-7,0,0,2,-6,31,-20,-16,-33,0,-2,21,-19,15,8,19,-47,-39,-66,-57,-7,-12,-78,-50,-47,-79,-73,-60,-53,-56,-67,-72,-75,-55,-236,-243,-241,-242,-361,-352,-416,-424,-374,-381,-740,-579,-569,-492,-492,-492,-535,-543,-546,-540,-504,-363,-413,-363,-492,-481,-532,-510,-436,-335,-616,-614,-588,-320,-602,-566,-836,-793,-740,-726]} 1. d4 Nf6 2. c4 g6 3. Nc3 Bg7 4. e4 d6 5. f3 O-O 6. Be3 c5 7. Nge2 b6 8. Qd2 e6 9. d5 exd5 {E82: King's Indian: Sämisch: 6...b6} 10. cxd5 Ba6 11. Nf4 $146 (11. h4 Nbd7 12. Bh6 Ne5 13. Bxg7 Kxg7 14. Ng3 Bxf1 15. Kxf1 h5 16. Re1 Nfd7 17. Nb5 {½-½ (68) Brunello,S (2602)-Saric,I (2637) Wijk aan Zee 2014}) 11... Bxf1 {The position is equal.} 12. Rxf1 Na6 13. Kf2 Nc7 14. Kg1 b5 15. Rac1 Re8 16. Kh1 (16. b4 $14) 16... a5 17. a4 Qd7 18. b3 Rab8 19. Rb1 Rb7 20. Nd3 Reb8 21. axb5 (21. Rbc1 $11) 21... Nxb5 $15 22. Na4 Na3 $36 {[%mdl 2048] Black has some pressure.} 23. Rbc1 $1 c4 24. Ndc5 (24. Nac5 $1 $11 dxc5 25. Nxc5) 24... dxc5 $17 25. Nxc5 Qb5 26. Nxb7 Rxb7 27. bxc4 $1 Nxc4 28. Qe2 Nxe3 29. Qxe3 Nd7 30. Rfd1 $2 {[#]} (30. Rc8+ $15 Bf8 31. Rd1) 30... Bb2 $1 $19 31. Rc8+ Kg7 32. f4 (32. Rb1 $142 a4 33. h4) 32... a4 33. e5 a3 34. Ra8 Nb6 35. Rd8 $2 (35. f5 f6 36. Rxa3) 35... a2 {Threatens to win with ...Ra7.} 36. f5 {[%csl Ge5][%cal Rf5f6] [#]} Nxd5 $1 {[%mdl 512]} 37. R8xd5 {[#]} (37. R1xd5 Qf1+) 37... Qxd5 $1 {[%mdl 512]} 38. f6+ (38. Rxd5 a1=Q+) 38... Kg8 39. Rxd5 {[%cal Rd5d8]} a1=Q+ 40. Qg1 Qxg1+ 41. Kxg1 {[%cal Rd5d8][%mdl 4096] Endgame KRB-KR} h6 {[%cal Bh7h6,Bh6h5][%mdl 32]} 42. Kf2 Kh7 43. h4 h5 44. g3 g5 45. hxg5 $2 (45. Kg2) 45... Kg6 46. Kg2 Rb3 47. Ra5 $2 (47. e6 fxe6 48. Rd8) 47... Re3 {Black is clearly winning.} 48. Rb5 Bxe5 49. Kf2 Bd4 {Precision: White = 49%, Black = 79%.} ({Less strong is} 49... Rxg3 50. Rxe5 Rxg5 51. Re8 $17) 0-1

[Event "BL 2016-17"]
[Site "Berlin"]
[Date "2017.04.30"]
[Round "14"]
[White "Mager, Denis"]
[Black "Buckels, Valentin"]
[Result "1/2-1/2"]
[WhiteElo "2307"]
[BlackElo "2309"]
[Annotator "TA"]
[PlyCount "102"]
[EventDate "2017.??.??"]
[EventType "team-tourn"]
[EventCountry "GER"]
[SourceTitle "playchess.com"]
[Source "ChessBase"]
[SourceQuality "1"]
[WhiteTeam "Speyer-Schwegenheim"]
[BlackTeam "Mülheim Nord"]

{[%evp 8,102,58,52,76,6,12,-4,-4,-22,0,-1,-6,-12,-13,-27,-20,-11,7,8,5,-2,0,0,4,0,28,29,37,8,7,-14,13,12,11,11,16,-25,8,13,14,12,32,34,47,31,55,55,56,35,87,81,94,49,55,8,8,8,8,8,8,8,8,0,0,0,0,0,0,0,0,8,8,8,8,8,8,8,8,8,8,8,8,8,8,8,8,8,8,8,8,8,8,8,8,8,8]} 1. e4 e5 2. Nf3 Nc6 3. d4 exd4 4. Nxd4 Nxd4 5. Qxd4 Ne7 {C45: Scotch Game} (5... Qf6 6. e5 Qb6 7. Qf4 d5 8. Nc3 Be6 9. Bd3 O-O-O 10. O-O c5 11. b3 Ne7 12. Kh1 a6 13. Bb2 Qc7 14. Rae1 f5 {0-1 (60) Ortiz Suarez,I (2598)-Granda Zuniga,J (2659) Cochabamba 2013}) 6. c4 (6. Bd2 $16) 6... Nc6 $11 7. Qd3 (7. Qe3 $5 {seems wilder.} b6 8. Nc3 Bc5 9. Qg3 O-O 10. Bd3) 7... Bc5 8. Nc3 O-O 9. Be2 d6 10. O-O Qh4 $146 (10... Be6 11. b3 f5 12. Bb2 Bd4 {½-½ (56) Massanet Massanet,S (2208)-Schenk Papke,A (2136) Andratx 2007}) 11. Qg3 Qxg3 12. hxg3 a6 13. Nd5 Nd4 14. Bd3 c6 15. Ne7+ Kh8 16. Nxc8 Raxc8 17. Bd2 Ne6 18. Bc3 Bd4 19. Rac1 b5 20. b4 Rb8 21. Bxd4 Nxd4 22. c5 Rbd8 23. cxd6 Rxd6 24. e5 $36 {[%mdl 2048] White has the initiative.} Re6 25. f4 f6 26. exf6 Rfxf6 27. Rfe1 g6 28. Kf2 Kg7 {[#]} (28... Rd6 $14) 29. Rxe6 $1 $16 Rxe6 {[%mdl 4096] Endgame KRB-KRN} 30. Re1 Kf6 31. g4 Rxe1 {The position is equal.} 32. Kxe1 $11 {KB-KN} Ne6 33. g5+ Ke7 34. g3 c5 35. bxc5 Nxc5 36. Bc2 b4 37. Kd2 a5 38. f5 a4 39. fxg6 hxg6 40. Bxg6 a3 41. Kc2 b3+ 42. axb3 {[#] And now b4 would win.} a2 43. Kb2 Nxb3 44. Kxa2 Nd4 45. Be4 Ne6 46. g6 Kf6 47. Kb2 Nf8 48. Kc3 Nxg6 49. Kd4 Kg5 50. Bf3 $1 Nh4 51. gxh4+ Kxh4 1/2-1/2

[Event "BL 2016-17"]
[Site "Berlin"]
[Date "2017.04.30"]
[Round "14"]
[White "Eichler, Christoph"]
[Black "Seger, Ruediger"]
[Result "1/2-1/2"]
[WhiteElo "2304"]
[BlackElo "2351"]
[Annotator "TA"]
[PlyCount "43"]
[EventDate "2017.??.??"]
[EventType "team-tourn"]
[EventCountry "GER"]
[SourceTitle "playchess.com"]
[Source "ChessBase"]
[SourceQuality "1"]
[WhiteTeam "Zugzwang München"]
[BlackTeam "SG Trier"]

{[%evp 30,43,0,0,0,0,0,0,0,0,0,0,0,0,22,9]} 1. Nf3 Nf6 2. g3 g6 3. Bg2 Bg7 4. O-O O-O 5. c4 c6 6. d4 d5 7. cxd5 cxd5 8. Nc3 Ne4 9. Ne5 Nxc3 10. bxc3 Nc6 11. Nxc6 bxc6 12. Qa4 Qb6 13. Ba3 Qa6 {D79: Fianchetto Grünfeld: Symmetrical Variation (6 0-0 c6 7 cxd5 cxd5)} 14. Qxa6 Bxa6 15. Rfe1 ({Relevant:} 15. Rfb1 Bxe2 16. Bxe7 Rfb8 17. Bd6 Rd8 18. Bc5 Bf8 19. Bxf8 Kxf8 20. Rb2 Bd3 21. Rd1 Bf5 22. Rb7 Rdb8 23. Rc7 Rc8 24. Rb7 Rcb8 25. Rc7 Rc8 26. Rb7 {½-½ (26) Ding,L (2755)-Vachier Lagrave,M (2819) Saint Louis 2016}) 15... Rfe8 16. Bf1 {LiveBook: 4 Games. The position is equal.} Bf8 17. Reb1 e6 18. Bxf8 Kxf8 19. Rb2 c5 20. e3 Bxf1 21. Kxf1 Rac8 $146 ({Predecessor:} 21... cxd4 22. cxd4 {1-0 (41) Schmidt,W (2465)-Timman,T (2385) Wijk aan Zee 1975}) 22. Rab1 1/2-1/2

[Event "BL 2016-17"]
[Site "Berlin"]
[Date "2017.04.30"]
[Round "14"]
[White "Grimm, Julius"]
[Black "Gauglitz, Gernot"]
[Result "1/2-1/2"]
[WhiteElo "2281"]
[BlackElo "2387"]
[Annotator "TA"]
[PlyCount "105"]
[EventDate "2017.??.??"]
[EventType "team-tourn"]
[EventCountry "GER"]
[SourceTitle "playchess.com"]
[Source "ChessBase"]
[SourceQuality "1"]
[WhiteTeam "Griesheim"]
[BlackTeam "TU Dresden"]

{[%evp 12,105,39,29,39,30,51,27,66,68,90,47,81,10,8,0,32,14,18,0,20,19,25,-4,23,20,20,-52,-56,-112,-39,-37,-22,-33,-22,-38,-12,-37,-14,-32,-32,-112,-79,-45,-29,-39,-33,-21,0,-38,-26,-41,-19,-38,-13,-12,0,-25,0,-19,66,0,15,23,23,39,23,35,24,0,1,14,67,67,67,67,207,205,798,791,781,0,14,0,784,773,770,0,1973,0,0,0,0,0,0,0]} 1. d4 Nf6 2. c4 g6 3. Nc3 d5 4. Nf3 Bg7 5. Qb3 c6 6. cxd5 Nxd5 7. e4 Nxc3 {D96: Grünfeld: Russian System (5 Qb3): sidelines} 8. bxc3 O-O (8... c5 9. Bb5+ Nc6 10. Bxc6+ bxc6 11. O-O Qb6 12. Ba3 cxd4 13. cxd4 Qxb3 14. axb3 Ba6 15. Rfc1 {½-½ (23) Shomoev,A (2559)-Kurnosov,I (2668) Khanty-Mansiysk 2010}) 9. Be2 Nd7 {[%cal Bb8d7,Bd7c5,Bc5a4][%mdl 32] White has an edge.} 10. O-O Qc7 11. Be3 e5 $146 (11... Nf6 12. Nd2 {½-½ (12) Scheffer,F-Blank,A Hofbieber 1996}) 12. d5 (12. Rad1 $16) 12... cxd5 $11 13. exd5 b6 14. Nd2 Nc5 15. Qa3 Bb7 16. c4 Rfc8 17. Rac1 f5 18. Nb3 Bf8 {...Nd3! is the strong threat.} 19. Qb2 ({White should try} 19. Nxc5 $11 Bxc5 20. Bxc5 Qxc5 21. Qg3) 19... Na4 $1 $15 {[%cal Ra4b2]} 20. Qb1 {[#]} (20. Qa1 $15) 20... Bd6 (20... Ba3 $1 $17 21. Rfd1 Bxc1 22. Qxc1 Qd6) 21. Rfd1 Qe7 22. Rc2 Rc7 23. f3 Rac8 24. Qc1 Ba6 25. Bg5 Qe8 26. Bd3 (26. Be3 $15) 26... Nc5 27. Nxc5 Bxc5+ 28. Kh1 Bd6 29. Re1 Qf7 30. h4 h5 31. Re3 Kh7 32. Qf1 Bb7 33. Ree2 Ba6 {[%cal Ra6c4]} 34. Re1 Bb7 35. Ree2 f4 (35... Rc5 $11) 36. Qb1 (36. a4 $14) 36... Ba6 {[%cal Ra6c4]} 37. Re4 b5 38. cxb5 Rxc2 39. Bxc2 Bxb5 $1 40. Qxb5 Rxc2 41. Rc4 Rd2 ({Wrong is} 41... Rxa2 $2 42. Qc6 Bf8 43. Qe6 Qxe6 44. dxe6 $18) (41... Rxc4 $1 $11 42. Qxc4 Qb7) 42. Rc8 $40 {[%mdl 128] aiming for Qc6. White has some attack.} Rxd5 43. Qb3 Kg7 {[#]} (43... a5 $1 $14) 44. Rd8 $1 $18 {[%mdl 1024] White has strong compensation.} Rd4 $2 {[#]} (44... a6 45. Qb6 Ba3) 45. Bh6+ $1 {[%mdl 512]} Kf6 (45... Kxh6 46. Qxf7) 46. Bg5+ $2 ({White has to play} 46. Qb5 $18 a6 47. Qc6 (47. Qxa6 Qc7 $18) 47... Rd1+ 48. Kh2) 46... Kg7 $11 47. Bh6+ $2 {[%mdl 8192]} (47. Qb5 $11 Bc7 48. Ra8) 47... Kf6 $18 {Hoping for ...Qxb3.} 48. Qb5 Kf5 49. Qc6 $2 ({White must play} 49. Bg5 $18 Qxa2 50. Qb7) 49... Bc5 $2 {[%mdl 8192]} (49... Qc7 $11 50. Rf8+ Ke6 51. Qe8+ Kd5) 50. Qc8+ $2 (50. Rxd4 $18 {White threatens Bg5! and mate.} exd4 51. Qxc5+ Ke6 52. Qc4+ Ke7 53. Qxd4) 50... Qe6 $11 {[#] And now ...Rd1+! would win.The position is equal.} 51. Rf8+ $1 {[%mdl 512]} Bxf8 52. Qxf8+ Qf6 53. Qc8+ 1/2-1/2

[Event "BL 2016-17"]
[Site "Berlin"]
[Date "2017.04.30"]
[Round "14"]
[White "Nothnagel, Marian Can"]
[Black "Gungl, Theo"]
[Result "1/2-1/2"]
[WhiteElo "2121"]
[BlackElo "2269"]
[Annotator "TA"]
[PlyCount "91"]
[EventDate "2017.??.??"]
[EventType "team-tourn"]
[EventCountry "GER"]
[SourceTitle "playchess.com"]
[Source "ChessBase"]
[SourceQuality "1"]
[WhiteTeam "Griesheim"]
[BlackTeam "TU Dresden"]

{[%evp 16,91,2,-10,-6,-17,-2,-5,-2,-18,18,-32,-23,-31,-28,-21,-29,-27,0,-20,0,0,-6,0,0,-20,0,2,29,29,29,25,25,25,25,26,25,25,28,29,50,29,50,50,50,25,44,8,50,7,62,0,0,0,28,0,43,43,45,0,0,0,0,0,10,10,10,0,79,3,18,0,22,26,33,0,23,44]} 1. e4 c5 2. Nf3 d6 3. c3 Nf6 4. Bc4 e6 5. Qe2 Be7 6. O-O O-O 7. Bb3 {B50: Sicilian: 2...d6, Miscellaneous} b6 8. d3 Bb7 ({Relevant:} 8... Ba6 9. Nbd2 Nc6 10. Re1 Rc8 11. Nf1 Re8 12. h3 Ne5 13. Bc2 Ng6 {½-½ (13) Kritz,L (2604)-Corrales Jimenez,F (2629) Lubbock 2013}) 9. Nbd2 {LiveBook: 3 Games. The position is equal.} Nc6 10. Re1 Rc8 11. Nf1 d5 $146 ({Predecessor (4):} 11... Ba6 12. Ng3 Nd7 13. Bc2 Re8 14. Bd2 Bf8 {1-0 (35) Leko,P (2385)-Moiseev,V (2480) Nettetal 1992}) 12. Ng3 d4 13. c4 Nd7 14. Bd2 Qc7 15. Rab1 Bd6 16. Ba4 Bf4 17. a3 Bxd2 18. Qxd2 Nde5 {Threatening ...Nxf3+.} 19. Nxe5 Nxe5 20. b4 Bc6 21. Bxc6 Qxc6 22. f4 Ng4 23. h3 $36 {[%mdl 2048] White fights for an advantage.} Ne3 24. Nf1 Nxf1 25. Rxf1 Qa4 26. Qd1 Qxd1 27. Rfxd1 $11 {[%mdl 4096] Endgame KRR-KRR} f6 28. Kf2 e5 29. f5 Kf7 30. Rd2 Rc7 31. Rdb2 Ra8 32. g4 h6 (32... cxb4 $11 33. Rxb4 (33. axb4 a5 $11) 33... g6) 33. Ke2 (33. a4 $14) 33... h5 34. Kf3 Rh8 35. Kg3 Rcc8 36. bxc5 Rxc5 37. Rb5 {Rxc5 is the strong threat.} Rxb5 38. Rxb5 hxg4 39. Kxg4 {KR-KR} Rc8 40. a4 Kg8 41. Rd5 Rc7 (41... a6 $11) 42. Kh5 (42. h4 $16) 42... Kh7 $1 43. Kg4 Rb7 44. Rb5 Rc7 45. Rd5 Rb7 46. Rd8 1/2-1/2

[Event "BL 2016-17"]
[Site "Berlin"]
[Date "2017.05.01"]
[Round "15"]
[White "Caruana, Fabiano"]
[Black "Tregubov, Pavel V"]
[Result "1-0"]
[WhiteElo "2817"]
[BlackElo "2579"]
[Annotator "TA"]
[PlyCount "75"]
[EventDate "2017.??.??"]
[EventType "team-tourn"]
[EventCountry "GER"]
[SourceTitle "playchess.com"]
[Source "ChessBase"]
[SourceQuality "1"]
[WhiteTeam "Baden-Baden"]
[BlackTeam "Mülheim Nord"]

{[%evp 13,75,15,29,0,0,-16,12,7,0,0,7,7,7,7,7,8,18,-2,0,0,3,0,6,0,41,47,47,26,82,68,81,76,90,44,64,27,24,24,22,6,89,87,79,78,75,73,110,110,111,110,105,108,112,102,102,97,178,164,157,158,366,361,417,386]} 1. e4 e5 2. Bc4 Nf6 3. d3 c6 4. Nf3 d5 5. Bb3 Bb4+ {C24: Bishop's Opening: 2...Nf6} 6. Bd2 Bxd2+ (6... Bd6 7. Nc3 dxe4 8. Ng5 O-O 9. Ncxe4 Be7 10. h4 Nbd7 11. Qf3 Qe8 12. O-O-O a5 13. a3 {1-0 (23) Caruana,F (2817)-Akobian,V (2645) chess.com INT 2017}) 7. Qxd2 a5 {[#] LiveBook: 3 Games. aiming for ...a4.The position is equal.} 8. Nc3 $146 (8. Nxe5 a4 9. Bxd5 cxd5 10. exd5 Nxd5 $19) (8. a4 Qd6 9. h3 O-O 10. Nc3 Be6 11. exd5 Bxd5 12. Nxd5 Nxd5 13. O-O {1-0 (68) Zvjaginsev,V (2673)-Lopez Martinez,J (2547) Barcelona 2016}) 8... d4 9. Ne2 $1 Qe7 {...a4 is the strong threat.} 10. a4 O-O 11. O-O c5 12. Ng3 Nc6 13. Bc4 Ne8 14. c3 Bg4 15. Ne1 Be6 16. Bd5 Nc7 17. Bxc6 bxc6 18. Rc1 Bd7 19. f4 f6 20. Nf3 Qd6 (20... exf4 $11 21. Qxf4 Ne6) 21. fxe5 $16 fxe5 22. cxd4 cxd4 23. Qg5 Rae8 $1 24. Nd2 Rxf1+ 25. Rxf1 (25. Kxf1 Ne6 26. Qh5 (26. Nc4 $2 Qf8+ 27. Qf5 Nc5 28. Qxf8+ Rxf8+ 29. Kg1 Nxd3 $17) 26... Nf4 $15) 25... Qg6 26. Qh4 $40 {[%mdl 128] White has some attack.} Na6 (26... Ne6 $11 {keeps the balance.}) 27. Nf5 {Black must now prevent Ne7+.} Bxf5 28. exf5 Qf6 29. Qh5 Qf7 30. Qf3 ({Reject} 30. Qxf7+ $6 Kxf7 31. Ne4 (31. Nc4 Kf6 $15) 31... Rb8 $11) 30... Nb4 31. Ne4 {And now Nd6 would win.} Rf8 {[#]} 32. Qg3 $1 Nd5 33. Qxe5 Ne3 34. Rf3 {Hoping for f6.} Qb3 (34... Qd5 $16 35. Qxd5+ Nxd5) 35. Qxd4 $18 ({Don't take} 35. Qe6+ $6 Qxe6 36. fxe6 Rxf3 37. gxf3 Kf8 $16) 35... Nxf5 36. Qc5 Qe6 $2 (36... Qd5 $16 37. h3 h6) 37. Qxa5 g6 38. Qc3 1-0

[Event "BL 2016-17"]
[Site "Berlin"]
[Date "2017.05.01"]
[Round "15"]
[White "Naiditsch, Arkadij"]
[Black "Warmerdam, Max"]
[Result "1-0"]
[WhiteElo "2702"]
[BlackElo "2351"]
[Annotator "TA"]
[PlyCount "61"]
[EventDate "2017.??.??"]
[EventType "team-tourn"]
[EventCountry "GER"]
[SourceTitle "playchess.com"]
[Source "ChessBase"]
[SourceQuality "1"]
[WhiteTeam "Baden-Baden"]
[BlackTeam "Mülheim Nord"]

{[%evp 9,61,0,30,5,24,24,27,35,39,20,22,15,26,17,43,45,33,33,37,36,62,48,70,37,68,52,89,89,89,89,89,89,95,96,91,69,72,47,303,318,313,306,291,171,169,166,156,163,445,449,582,570,1543,1510]} 1. d4 Nf6 2. Bf4 g6 3. Nc3 d5 {A45: Trompowsky Attack} 4. e3 Bg7 5. h4 h6 {LiveBook: 3 Games. The position is equal.} (5... h5 6. Be2 O-O 7. Nf3 c5 8. dxc5 Qa5 9. O-O Qxc5 10. Nb5 a6 11. Nc7 {½-½ (42) Naiditsch,A (2702)-Carlsen,M (2838) Karlsruhe 2017}) 6. Be2 c5 7. Nb5 {And now Nc7+ would win.} Na6 8. c3 O-O 9. a4 $146 (9. Nf3 Ne4 10. Ne5 Nd6 11. a4 {1-0 (47) Zhang,Z (2641)-Praggnanandhaa,R (2447) Dubai 2017}) 9... Ne8 10. Bf3 cxd4 11. exd4 Nac7 12. Nxc7 Nxc7 13. Qd2 h5 14. Ne2 Be6 15. O-O Qd7 16. Rfe1 Ne8 17. Bg5 Bf5 18. Ng3 Be6 19. Rxe6 fxe6 20. Qd3 Rf5 21. Nxf5 exf5 22. Re1 e6 23. c4 Nc7 $2 {[%mdl 8192] [#]} ({Black should try} 23... Nf6 $1 $14) 24. Qb3 $1 $18 dxc4 25. Qxb7 (25. Qxc4 Kh8 $16) 25... Bxd4 26. Rc1 (26. Bf4 $142) 26... Rf8 27. Rxc4 Rf7 {[#]} 28. Qb4 $1 $36 {[%mdl 2048] White has strong initiative.} e5 $2 (28... Bb6 {keeps fighting.} 29. Rc6 (29. Qc3 Kh7 $16) 29... Nd5) 29. Rc6 {White is clearly winning.} Kg7 30. Rd6 {Hoping for Bf6+!} a5 {[#]} 31. Bf6+ $1 {[%mdl 512]} ({Less strong is} 31. Rxd7 axb4 32. Be7 Bb6 $16) 1-0

[Event "BL 2016-17"]
[Site "Berlin"]
[Date "2017.05.01"]
[Round "15"]
[White "Tomashevsky, Evgeny"]
[Black "Nisipeanu, Liviu-Dieter"]
[Result "1/2-1/2"]
[WhiteElo "2701"]
[BlackElo "2684"]
[Annotator "TA"]
[PlyCount "41"]
[EventDate "2017.??.??"]
[EventType "team-tourn"]
[EventCountry "GER"]
[SourceTitle "playchess.com"]
[Source "ChessBase"]
[SourceQuality "1"]
[WhiteTeam "Hockenheim"]
[BlackTeam "TU Dresden"]

{[%evp 23,41,0,0,0,14,0,11,0,0,0,0,0,0,0,0,0,0,0,0,0]} 1. Nf3 d5 2. g3 Nf6 3. Bg2 e6 4. O-O Be7 5. c4 O-O 6. d4 dxc4 7. Qc2 a6 8. a4 Bd7 9. Qxc4 Bc6 10. Bf4 Nbd7 11. Nc3 Nb6 {E05: Open Catalan: 5 Nf3 Be7} ({Relevant:} 11... Bd6 12. Bg5 h6 13. Bxf6 Nxf6 14. Nd2 Bxg2 15. Kxg2 c5 16. dxc5 Bxc5 17. Nde4 Be7 18. Rfd1 Qc8 19. Qb3 Qc6 20. f3 Rfd8 21. Nxf6+ Bxf6 22. Ne4 Bd4 23. Rac1 {½-½ (23) Buhmann,R (2597)-Movsesian,S (2657) Germany 2014}) 12. Qd3 Nbd5 {LiveBook: 13 Games. The position is equal.} 13. Nxd5 Bxd5 14. Rfc1 Rc8 15. Bg5 Be4 $146 16. Qb3 Bd5 17. Qd3 Be4 18. Qb3 Bd5 19. Qd3 Be4 20. Qb3 Bd5 21. Qd3 1/2-1/2

[Event "BL 2016-17"]
[Site "Berlin"]
[Date "2017.05.01"]
[Round "15"]
[White "Areshchenko, Alexander"]
[Black "Moreno Carnero, Javier"]
[Result "1/2-1/2"]
[WhiteElo "2686"]
[BlackElo "2519"]
[Annotator "TA"]
[PlyCount "101"]
[EventDate "2017.??.??"]
[EventType "team-tourn"]
[EventCountry "GER"]
[SourceTitle "playchess.com"]
[Source "ChessBase"]
[SourceQuality "1"]
[WhiteTeam "Werder Bremen"]
[BlackTeam "König Tegel"]

{[%evp 16,101,23,16,18,23,14,13,20,19,0,21,29,21,35,31,19,3,8,8,7,25,16,0,-8,-4,-11,-27,0,0,0,0,0,0,0,0,12,12,12,12,26,44,66,66,55,55,59,23,61,32,37,28,31,35,60,46,35,23,93,92,94,87,195,202,192,0,0,0,0,0,0,0,0,-90,-96,-146,-146,-146,-146,-146,-146,-146,-146,-146,-146,-146,-146,-146]} 1. e4 c5 2. Nf3 d6 3. Bb5+ Nd7 4. O-O Ngf6 5. Re1 a6 {B51: Sicilian: Moscow Variation (3 Bb5+) without 3...Bd7} 6. Bd3 g6 (6... e6 7. c3 b5 8. Bc2 c4 9. a4 Bb7 10. d4 cxd3 11. Bxd3 bxa4 12. Qxa4 Be7 13. h3 O-O 14. Be3 Qc7 15. Nbd2 Rfb8 16. Qa5 Bd8 17. Qxc7 Bxc7 18. b4 {½-½ (18) Nakamura,H (2785)-Vachier Lagrave,M (2796) Sharjah 2017}) 7. c3 Bg7 8. Bc2 O-O 9. d4 {LiveBook: 25 Games} e5 10. d5 b5 11. a4 Nb6 12. b3 $146 ({Predecessor:} 12. Nbd2 Bd7 {1-0 (59) Xu,Y (2444)-Peng,X (2423) Shanghai 2017}) 12... Bd7 13. Nbd2 {[%cal Bb1d2,Bd2f1,Bf1e3][%mdl 32]} (13. a5 $5 {[%cal Ra5b6]} Nc8 14. b4 $11) 13... Ne8 14. Nf1 Nc7 15. Bg5 f6 16. Be3 a5 {[%cal Ba6a5,Ba5a4][%mdl 32]} 17. axb5 Nxb5 18. Bd2 c4 19. Ne3 (19. Qe2 $5 {[%cal Rb3c4]}) 19... cxb3 20. Bxb3 a4 21. Ba2 (21. Bxa4 $5 Rxa4 22. Rxa4 Nxc3 23. Bxc3 Nxa4 24. Qa1 $11) 21... Nc7 22. Bc1 Na6 23. Ba3 $36 {[%mdl 2048] Black is under pressure.} Qc7 24. Rb1 Nc5 25. Nd2 Rab8 26. Qe2 Rfc8 27. Rb4 Be8 28. Reb1 Nbd7 29. Bc4 Nb6 30. Ba6 Rd8 31. g3 Bf8 32. Bb5 Bxb5 33. Qxb5 Nbd7 34. Qe2 Bh6 35. Kg2 Rdc8 36. h4 {[%cal Bh2h4,Bh4h5][%mdl 32]} Kg7 (36... Bxe3 $11 37. Qxe3 Rf8) 37. h5 $1 $16 Bg5 38. Rh1 Rxb4 (38... Ra8 $16 {might work better.}) 39. cxb4 $18 Nb3 40. Nf3 $2 ({White should play} 40. Nxb3 $18 axb3 41. Rb1 (41. hxg6 hxg6 42. Rc1 Qb7 43. Rxc8 Qxc8 $16)) 40... Bxe3 $1 $11 41. Qxe3 g5 42. h6+ Kf7 43. b5 $1 Ke8 44. Nd2 (44. Rh5 $11) 44... Qb6 {Strongly threatening ...Qxe3.} 45. Qxb6 Nxb6 {Black is clearly better.} 46. Nxb3 axb3 $17 {KRB-KRN} 47. Rb1 {[#]} Rc3 $1 48. Bxd6 {[#]} Nc4 $1 {[%cal Rc4d6]} 49. Bb4 Rd3 {Threatens to win with ...b2.} 50. b6 Nxb6 {White must now prevent ...Nc4.} 51. Kf1 {Precision: White = 68%, Black = 67%.} 1/2-1/2